000 00870nam a22002057a 4500
999 _c57157
_d57157
005 20240402161434.0
008 191206s2018 tu ||||| |||| 00| 0 tur d
020 _a9786052097014x
041 _atur
080 _a811.512.16 Y- 40
245 _aYedi İklim turkce :
_bC1 Ders Kitabı /
_cedit : Erol Barin ; Saban Cobanoglu.
264 _aAnkara :
_bYunus emre enstitusu,
_c2018.
300 _a203 p .:
_bill/: +1 CD.:
_c29 cm.
653 _aშვიდი კლიმატის თურქული C1 სახელმძღვანელო
653 _aთურქული ენა
653 _aსახელმძღვანელო და სავარჯიშო რვეული
700 _aBarin, Erol
_eრედაქტორი
_95707
700 _aCobanoglu, Saban
_eრედაქტორი
_95701
942 _2udc
_cBK